000 00356nam a2200157Ia 4500
008 230917s9999||||xx |||||||||||||| ||und||
020 _cPON3
040 _e19511
_aMAIN
041 _aEnglish
082 _a519.2 C556R
100 _aClarke, L E
245 0 _aRandom variables
260 _aLondon
_bLongman
_c1975
300 _aiv, 148 p.
942 _cBK
999 _c198361
_d198361